• 首页
  • 本馆介绍
  • 公告通知
  • 最新文献
  • 馆藏检索
  • 电子资源
  • 读者导购
  • 参考咨询
  • 我的图书馆
  • 登录
  • 详细信息显示
  • 放入我的书架
  • 预约/预借图书
  • 作者相关作品
  • 分类相关作品
  • 丛书相关作品
  • 出版社相关作品

书目信息

  • 表格格式
  • 工作单格式
  • 卡片格式
题名:
马克思恩格斯著作中译文综录
    
 
作者: ;北京图书馆马列著作研究室 编
分册:  
出版信息: 北京   书目文献出版社  1983
页数: 1161页
开本: 21cm
丛书名:
单 册:
中图分类: A813
科图分类:
主题词: 马恩著作--图书目录 , 马恩著作--索引
电子资源:
ISBN:
000 00747nam0 2200241 45
001 0183005675
005 20050517163900.8
010    @dCNY4.50
091    @a17201.32
100    @a19950628d1983 emky0chiy0121 ea
101 0  @achi
102    @aCN@b110000
105    @ay c 000yy
200 10 @a马克思恩格斯著作中译文综录@Ama ke si en ge si zhu zuo zhong yi wen zong lu@f北京图书馆马列著作研究室编@FBei Jing Tu Shu Guan Ma Lie Zhu Zuo YanJiu Shi Bian
210    @a北京@c书目文献出版社@d1983
215    @a1161页@d21cm
606 0  @a马恩著作@x图书目录
606 0  @a马恩著作@x索引
690    @aA813@v3
711 02 @a北京图书馆马列著作研究室@4编
801  0 @aCN@b上海图书馆@c20040105
801  2 @aCN@bNLC@c20040105
905    @dA813@e56@f1@b115604
    
    马克思恩格斯著作中译文综录/北京图书馆马列著作研究室编.-北京:书目文献出版社,1983
    1161页;21cm
    
    
    ISBN :CNY4.50
    
●
相关链接 在E读中查询图书 在五车中查询图书 在当当中查询图书 在豆瓣中查询图书


正题名:马克思恩格斯著作中译文综录     索取号:A813/56         预约/预借

序号 登录号 条形码 馆藏地/架位号 状态 备注
1 0113608   001660839   密集书库/ [索取号:A813/56] 在馆    
2 0113609   001660848   密集书库/ [索取号:A813/56] 在馆    
3 0113610   000957691   第一借阅区/ [索取号:A813/56] 在馆    
4 0113611   001868045   密集书库/ [索取号:A813/56] 在馆    
5 0113612   001868009   密集书库/ [索取号:A813/56] 在馆    
6 0115603   001660884   密集书库/ [索取号:A813/56] 在馆    
7 0115604   002047261   第一样本阅览室/ [索取号:A813/56] 在馆    
唐山师范学院图书馆 欢迎您!
大连网信软件有限公司© 版权所有